logo

Bir Sreshtho Munshi Abdur Rouf Library
Jhenaidah Cadet College

একাত্তরের মুক্তিযুদ্ধ রক্তাক্ত মধ্য-আগস্ট ও ষড়যন্ত্রয়ম নভেম্বর / (Record no. 12185)

MARC details
000 -LEADER
fixed length control field 00875nam a2200229 a 4500
001 - CONTROL NUMBER
JCCL Control Number 12185
003 - CONTROL NUMBER IDENTIFIER
JCCL marc code BD-JhCC
005 - DATE AND TIME OF LATEST TRANSACTION
control field 20210323100543.0
008 - FIXED-LENGTH DATA ELEMENTS--GENERAL INFORMATION
fixed length control field 200329s19982019b |||| ||a| 000 0 ben d
020 ## - INTERNATIONAL STANDARD BOOK NUMBER
International Standard Book Number 9844651441
035 ## - SYSTEM CONTROL NUMBER
system control number (BD-JhCC)12185
040 ## - CATALOGING SOURCE
Original cataloging agency BD-JhCC
Modifying agency BD-JhCC
041 ## - LANGUAGE CODE
Language code of Book bengali
082 ## - DEWEY DECIMAL CLASSIFICATION NUMBER
Classification number 923.1
Author mark and Year JAM 2019
100 ## - MAIN ENTRY--PERSONAL NAME
Personal name জামিল,শাফায়াত
245 ## - TITLE STATEMENT
Title একাত্তরের মুক্তিযুদ্ধ রক্তাক্ত মধ্য-আগস্ট ও ষড়যন্ত্রয়ম নভেম্বর /
Statement of responsibility, etc শাফায়াত জামিল ।
260 ## - PUBLICATION, DISTRIBUTION, ETC. (IMPRINT)
Place of publication, distribution, etc ঢাকা:
Name of publisher, distributor, etc সাহিত্য প্রকাশ;
Date of publication, distribution, etc ২০১৯.
300 ## - PHYSICAL DESCRIPTION
Pagination ১৫১পৃ. :
Dimensions ২০ সেমি.
650 ## - SUBJECT ADDED ENTRY--TOPICAL TERM
Topical term or geographic name as entry element Biography
Geographic subdivision Bangladesh Muktti zuddho
942 ## - ADDED ENTRY ELEMENTS (KOHA)
Source of classification or shelving scheme Dewey Decimal Classification
Koha item type Books
Holdings
Source of classification or shelving scheme Damaged status Not for loan Home library Current library Shelving location Date of accession Source of acquisition Cost, normal purchase price Total Checkouts Full call number Barcode Date last seen Copy number Koha item type
Dewey Decimal Classification     JCC Rouf Library JCC Rouf Library General Stacks 03/23/2021 Lt. Gen. Mahfuzur Rahman (10th intake) 263.00   923.1 JAM 2019 16537 03/23/2021 C-1 Books

JCC Library | Contacts | JCC Home

Last Update on 23 September 2017
Copyright @ 2017-2020 JCC Rouf Library
Rouf Library, Jhenidah Cadet College (JCC), Bangladesh